Bude Slovensko cykloturistickou destináciou?

Definovanie cykloturizmu. Druhy cykloturizmu a profil cykloturistu. Cykloturistická infraštruktúra. Produkt cykloturizmu. Návrh modelu riadenia cykloturizmu na Slovensku. Národná stratégia rozvoja cyklistickej dopravy a cykloturistiky v SR.

Uložené v:
Podrobná bibliografia
Hlavný autor: Ondrášiková, Ľubica, 1961-
Médium: Kapitola
Jazyk:Slovak
Predmet:
Tagy: Pridať tag
Žiadne tagy, Buďte prvý, kto otaguje tento záznam!

MARC

LEADER 00000nla a2200000 4500
001 0208383
005 20240502073450.4
041 0 |a slo 
044 |a SK 
245 1 0 |a Bude Slovensko cykloturistickou destináciou?  |c Ľubica Ondrášiková 
520 |a Definovanie cykloturizmu. Druhy cykloturizmu a profil cykloturistu. Cykloturistická infraštruktúra. Produkt cykloturizmu. Návrh modelu riadenia cykloturizmu na Slovensku. Národná stratégia rozvoja cyklistickej dopravy a cykloturistiky v SR. 
610 2 0 |a ruch cestovný 
610 2 0 |a služby 
610 2 0 |a infraštruktúra 
610 2 0 |a zariadenia ubytovacie 
610 2 0 |a zariadenia stravovacie 
610 2 0 |a Slovensko 
100 1 |a Ondrášiková, Ľubica, 1961-